01215nac a22002891i 4500003000900000005001700009008004100026020001500067040004300082082001700125245021700142246005600359264005900415264001000474300004000484336002600524337002800550338002700578500002600605500006900631650002200700655001700722700003700739942001200776999001500788952012200803EG-ScBUE20250702081958.0250629t1996 ii a f 001 0 eng d a8122409555 aEG-ScBUEbengerdacEG-ScBUEdEG-ScBUE04a540bUNI22200aUniversity chemistry .nVolume 2 , pSyllabus of B.Sc. II Year : theory and practicals / cG. Parameswara Murthy, M.Sc., Ph.D., University College of Engineering, Osmania University, Hyderabad, [and three others]30aSyllabus of B.Sc. II Year : btheory and practicals 1aNew Delhi :bNew Age International Pvt. Ltd., c[1996] 4cc1996 a631 pages :billustrations ;c24 cm 2rdacontentatextbtxt aunmediated2rdamediabn avolumebnc2rdacarrier aIncludes Appendices.  aBased on common core syllabus of universities of Andhra Pradesh. 7aChemistry.2BUEsh vReading book1 aMurthy, G. Parameswara,eauthor. cBB2ddc c1419d1419 00102ddc4070aMAINbMAINc1STd2010-09-06ePurchaseg80.00l0o540 UNIp000003028r2025-07-15 00:00:00v100.00yBB